[Event "Bayerische EM 2023 - Allgemeine Gruppe"]
[Site "Rosenheim"]
[Date "2022.08.21"]
[Round "1.1"]
[White "Heidrich, Manfred"]
[Black "Stöttner, Lukas"]
[Result "1/2-1/2"]
[WhiteElo "2332"]
[BlackElo "2066"]
[PlyCount "83"]
[EventDate "2022.??.??"]
[WhiteTeam "SC Forchheim e.V."]
[BlackTeam "SK Landau-Dingolfing"]

1. e4 c5 2. c3 Nf6 3. e5 Nd5 4. Nf3 e6 5. d4 cxd4 6. cxd4 d6 7. Bc4 Be7 8. O-O
O-O 9. a3 Bd7 10. Bd2 Bc6 11. Nc3 Nxc3 12. Bxc3 dxe5 13. dxe5 Qxd1 14. Rfxd1
Nd7 15. Nd4 Nxe5 16. Nxc6 Nxc6 17. Rd7 Rab8 18. Bb5 Bc5 19. Bxc6 bxc6 20. Bb4
Bxb4 21. axb4 Rxb4 22. Raxa7 Rxb2 23. g3 c5 24. Rdc7 Rc2 25. Ra5 g5 26. Rcxc5
Rxc5 27. Rxc5 f5 28. Rc6 Kf7 29. Rc7+ Kg6 30. Re7 Rf6 31. f4 gxf4 32. gxf4 Kh5
33. h3 Kh4 34. Kh2 h5 35. Re8 Rg6 36. Re7 Rg3 37. Rxe6 Rxh3+ 38. Kg2 Rg3+ 39.
Kf2 Rg4 40. Kf3 Rg3+ 41. Kf2 Rg4 42. Kf3 1/2-1/2

[Event "Bayerische EM 2023 - Allgemeine Gruppe"]
[Site "Rosenheim"]
[Date "2022.08.21"]
[Round "1.2"]
[White "Kaiser, Richard"]
[Black "Kolb, Tobias"]
[Result "0-1"]
[WhiteElo "2053"]
[BlackElo "2302"]
[PlyCount "110"]
[EventDate "2022.??.??"]
[WhiteTeam "SK Passau 1869"]
[BlackTeam "SC 1868 Bamberg"]

1. d4 d5 2. Bf4 c5 3. e3 Nc6 4. Nc3 cxd4 5. exd4 Bf5 6. Bd3 Bxd3 7. Qxd3 e6 8.
Nf3 Nf6 9. O-O Be7 10. Ne2 O-O 11. Ng3 Rc8 12. c3 Na5 13. Rae1 Nc4 14. Re2 b5
15. a3 a5 16. Ne5 b4 17. axb4 axb4 18. Nxc4 Rxc4 19. Ra1 Qb6 20. Rc2 Rfc8 21.
Bd2 bxc3 22. bxc3 Bd6 23. Ne2 Ne4 24. Be1 h6 25. f3 Nf6 26. Bf2 Ne8 27. Rca2
Qc7 28. g3 Qd8 29. Rb2 Ra8 30. Rxa8 Qxa8 31. Kg2 Bc7 32. Qb1 Nd6 33. Ra2 Ra4
34. Rxa4 Qxa4 35. Be3 Nb5 36. Qd3 Qb3 37. Bd2 Ba5 38. Kh3 Na3 39. Be1 Qa2 40.
Bd2 Nc4 41. Bc1 Qb3 42. Kg2 Qa4 43. g4 Qa2 44. Kh3 Qb3 45. Kg2 Nd6 46. Bd2 Qd1
47. Nc1 Nc4 48. Bf4 Qxd3 49. Nxd3 Bxc3 50. Ne5 Bxd4 51. Nxc4 dxc4 52. Bd6 c3
53. Bf4 g5 54. Bc1 Be5 55. h3 Bf4 0-1

[Event "Bayerische EM 2023 - Allgemeine Gruppe"]
[Site "Rosenheim"]
[Date "2022.08.21"]
[Round "1.3"]
[White "Schlichtmann, Robin"]
[Black "Krämer, Max"]
[Result "1-0"]
[WhiteElo "2277"]
[BlackElo "2044"]
[PlyCount "73"]
[EventDate "2022.??.??"]
[WhiteTeam "SC Garching 1980 e.V."]
[BlackTeam "SK Caissa Augsburg"]

1. e4 e5 2. Nf3 Nc6 3. Bc4 Bc5 4. c3 Nf6 5. d3 a6 6. a4 Ba7 7. O-O d6 8. Nbd2
O-O 9. h3 h6 10. Re1 Ne7 11. d4 Ng6 12. Bb3 Re8 13. Bc2 d5 14. dxe5 Nxe5 15.
Nxe5 Rxe5 16. Nf3 Re8 17. e5 Nh7 18. Qd3 Nf8 19. Be3 Bxe3 20. Rxe3 g6 21. Qd2
Kg7 22. Rd1 Be6 23. Nd4 c6 24. f4 f5 25. exf6+ Qxf6 26. Rg3 Bf7 27. f5 g5 28.
h4 Nh7 29. hxg5 hxg5 30. Nf3 Kh6 31. Kf2 Re4 32. Rh1+ Kg7 33. Rxh7+ Kxh7 34.
Nxg5+ Kh8 35. Nxf7+ Qxf7 36. Qh6+ Qh7 37. Qf6+ 1-0

[Event "Bayerische EM 2023 - Allgemeine Gruppe"]
[Site "Rosenheim"]
[Date "2022.08.21"]
[Round "1.4"]
[White "Kamenskyi, Dmytro"]
[Black "Reimann, Sebastian"]
[Result "0-1"]
[WhiteElo "2030"]
[BlackElo "2277"]
[PlyCount "78"]
[EventDate "2022.??.??"]
[WhiteTeam "SK Kriegshaber"]
[BlackTeam "SK Kriegshaber"]

1. e4 c5 2. Nf3 d6 3. d4 cxd4 4. Nxd4 Nf6 5. Nc3 a6 6. Bc4 e6 7. Bb3 Nbd7 8.
Be3 Nc5 9. f3 Nxb3 10. axb3 Be7 11. Qd2 O-O 12. O-O-O Qc7 13. g4 b5 14. g5 Nd7
15. h4 b4 16. Na4 Rb8 17. Qh2 Ne5 18. f4 Ng4 19. Qg3 Nxe3 20. Qxe3 Bd7 21. f5
e5 22. Ne2 Rfc8 23. Rd2 d5 24. Kb1 d4 25. Qf3 Qa5 26. Nc1 Bxa4 27. bxa4 b3 28.
Rf2 bxc2+ 29. Rxc2 Rxc2 30. Kxc2 Qxa4+ 31. Kb1 Bb4 32. Nd3 Bc3 33. Rh2 Qb5 34.
f6 a5 35. Kc1 a4 36. Rc2 a3 37. b4 Bxb4 38. Qf5 Qxd3 39. fxg7 Bd2+ 0-1

[Event "Bayerische EM 2023 - Allgemeine Gruppe"]
[Site "Rosenheim"]
[Date "2022.08.21"]
[Round "1.5"]
[White "Goldbeck, Lars"]
[Black "Sesselmann, Christoph"]
[Result "1-0"]
[WhiteElo "2260"]
[BlackElo "2020"]
[PlyCount "75"]
[EventDate "2022.??.??"]
[WhiteTeam "SGem Aschheim/Feldkirchen/Kirchh"]
[BlackTeam "SK 1907 Kulmbach"]

1. d4 Nf6 2. c4 g6 3. Nc3 Bg7 4. e4 d6 5. Nf3 O-O 6. Be2 Nbd7 7. O-O e5 8. Be3
Qe7 9. Qc2 c6 10. Rad1 h6 11. h3 exd4 12. Bxd4 b6 13. Rfe1 Bb7 14. Bf1 Rfe8 15.
Nd2 c5 16. Be3 Ne5 17. Nd5 Bxd5 18. exd5 Qb7 19. f4 Ned7 20. Bf2 b5 21. Rxe8+
Rxe8 22. cxb5 Nxd5 23. Nc4 Bf8 24. g3 Nb4 25. Qd2 d5 26. a3 dxc4 27. Qxd7 Qxd7
28. Rxd7 Nd3 29. Bxd3 cxd3 30. Rxd3 Re2 31. b3 Rb2 32. a4 Rb1+ 33. Kg2 Rb2 34.
Kf3 f5 35. a5 Be7 36. b6 axb6 37. axb6 c4 38. bxc4 1-0

[Event "Bayerische EM 2023 - Allgemeine Gruppe"]
[Site "Rosenheim"]
[Date "2022.08.21"]
[Round "1.6"]
[White "Vollnhals, Michael"]
[Black "Albert, Markus"]
[Result "1-0"]
[WhiteElo "2006"]
[BlackElo "2256"]
[PlyCount "81"]
[EventDate "2022.??.??"]
[WhiteTeam "TSV Grossmehring"]
[BlackTeam "SC Ansbach 1855 e.V."]

1. e4 e5 2. Nf3 Nc6 3. Bb5 f5 4. Nc3 fxe4 5. Nxe4 Nf6 6. Qe2 d5 7. Nxf6+ gxf6
8. d4 e4 9. Nh4 Qe7 10. Bf4 Be6 11. O-O-O Bg7 12. g4 Qd7 13. Rhg1 O-O-O 14. Rg3
Kb8 15. Bxc6 Qxc6 16. Rc3 Qa4 17. Bxc7+ Ka8 18. Bxd8 Rxd8 19. Nf5 Bf8 20. Kb1
Qd7 21. f3 h5 22. h3 Re8 23. fxe4 dxe4 24. d5 Bxf5 25. gxf5 Qxf5 26. d6 Rd8 27.
d7 a6 28. Rc8+ Rxc8 29. dxc8=Q+ Qxc8 30. Qxe4 Ka7 31. Qf3 Qe8 32. Qxf6 Bc5 33.
Qf3 Bb6 34. a3 h4 35. Rd5 Qe1+ 36. Ka2 Qe6 37. c4 Bg1 38. Qg4 Qb6 39. Qxh4 Be3
40. Qe4 Bh6 41. Qd4 1-0

[Event "Bayerische EM 2023 - Allgemeine Gruppe"]
[Site "Rosenheim"]
[Date "2022.08.21"]
[Round "1.7"]
[White "Lohvinov, Petro"]
[Black "Brunner, Tobias"]
[Result "1-0"]
[WhiteElo "2237"]
[BlackElo "1999"]
[PlyCount "163"]
[EventDate "2022.??.??"]
[WhiteTeam "SK M nchen S dost e.V."]
[BlackTeam "SC Windischeschenbach"]

1. Nf3 d5 2. g3 g6 3. Bg2 Bg7 4. O-O e5 5. c4 d4 6. d3 Ne7 7. b4 O-O 8. Nbd2 a5
9. b5 Nd7 10. a4 c5 11. bxc6 Nxc6 12. Ba3 Re8 13. Ne4 f5 14. Nd6 Re6 15. Nd2
Nf6 16. Nxc8 Rxc8 17. Qb3 Ne7 18. Bxb7 Rb8 19. Rab1 Kh8 20. Qc2 g5 21. Bg2 Ng6
22. Rxb8 Qxb8 23. Rb1 Qe8 24. Rb5 e4 25. Qb3 Nd7 26. Rxa5 Rb6 27. Rb5 e3 28.
Nf1 exf2+ 29. Kxf2 Re6 30. Qb2 Nge5 31. Ra5 Ng4+ 32. Kg1 Nb6 33. Bf3 Ne5 34.
Qb5 Nxf3+ 35. exf3 Qh5 36. Qxf5 Rf6 37. Qg4 Qf7 38. Qxd4 h6 39. Qd8+ Kh7 40.
Qe7 Qxe7 41. Bxe7 Rxf3 42. Bc5 Nd7 43. Bf2 Rxd3 44. Rd5 Rxd5 45. cxd5 Bc3 46.
Ne3 Kg6 47. Nc4 Kf5 48. Nb6 Nb8 49. Kf1 Bb4 50. Ke2 Ke4 51. g4 Ba5 52. d6 Bb4
53. d7 Be7 54. Nc8 Bf6 55. a5 Kd5 56. Nb6+ Kc6 57. Kd3 Bd8 58. Kc4 Na6 59. Bd4
Nb8 60. Bg7 Bxb6 61. axb6 Nxd7 62. Kd4 Nxb6 63. Bxh6 Kd6 64. Bxg5 Ke6 65. h4
Nd7 66. Ke4 Ne5 67. Kf4 Ng6+ 68. Kg3 Kf7 69. Bc1 Ne7 70. h5 Kg7 71. g5 Kh7 72.
Kg4 Kg7 73. Bb2+ Kh7 74. Ba3 Nd5 75. Kf5 Ne3+ 76. Kf6 Ng4+ 77. Kf5 Ne3+ 78. Ke6
Kg7 79. Bb2+ Kg8 80. g6 Ng4 81. Kf5 Ne3+ 82. Kg5 1-0

[Event "Bayerische EM 2023 - Allgemeine Gruppe"]
[Site "Rosenheim"]
[Date "2022.08.21"]
[Round "1.8"]
[White "Fuchs, Michael"]
[Black "Niedermeier, Thomas"]
[Result "1/2-1/2"]
[WhiteElo "1988"]
[BlackElo "2223"]
[PlyCount "45"]
[EventDate "2022.??.??"]
[WhiteTeam "DJK SF Haselbach"]
[BlackTeam "SV Ilmmünster"]

1. e4 d6 2. d4 Nf6 3. Nc3 Nbd7 4. g4 h6 5. h3 e5 6. Nge2 exd4 7. Nxd4 g6 8. Bg2
Bg7 9. g5 hxg5 10. Bxg5 Bh6 11. Bxh6 Rxh6 12. Qd2 Rh5 13. O-O-O a6 14. f4 Kf8
15. Rhe1 Ne8 16. e5 dxe5 17. fxe5 Qg5 18. e6 Ne5 19. exf7 Nd6 20. Kb1 Qxd2 21.
Rxd2 Nexf7 22. Ne6+ Bxe6 23. Rxe6 1/2-1/2

[Event "Bayerische EM 2023 - Allgemeine Gruppe"]
[Site "Rosenheim"]
[Date "2022.08.21"]
[Round "1.9"]
[White "Lang, Zalan Andreas"]
[Black "Bunk, Wolfgang"]
[Result "1/2-1/2"]
[WhiteElo "2221"]
[BlackElo "1983"]
[PlyCount "48"]
[EventDate "2022.??.??"]
[WhiteTeam "SAbt TSV Haunstetten"]
[BlackTeam "SC Bavaria Regensburg von 1881 e"]

1. d4 Nf6 2. c4 g6 3. Nf3 Bg7 4. g3 O-O 5. Bg2 d6 6. O-O c5 7. b3 Nc6 8. Bb2 d5
9. Nbd2 dxc4 10. dxc5 Qa5 11. Nxc4 Qxc5 12. Nfe5 Rd8 13. Qe1 Nxe5 14. Bxe5 Nd5
15. Bxg7 Kxg7 16. Qd2 Be6 17. Rfd1 Qc7 18. Rac1 Nf6 19. Qb4 Rxd1+ 20. Rxd1 Rb8
21. Ne3 b6 22. Qd2 Rc8 23. Kf1 Qc5 24. Qb2 Kg8 1/2-1/2

[Event "Bayerische EM 2023 - Allgemeine Gruppe"]
[Site "Rosenheim"]
[Date "2022.08.21"]
[Round "1.10"]
[White "Biedenkopf, Philipp"]
[Black "Böhme, Sebastian"]
[Result "1-0"]
[WhiteElo "1978"]
[BlackElo "2215"]
[PlyCount "61"]
[EventDate "2022.??.??"]
[WhiteTeam "SK Passau 1869"]
[BlackTeam "SC Uttenreuth e.V."]

1. Nf3 d5 2. e3 Nf6 3. c4 e6 4. b3 Bd6 5. Bb2 O-O 6. Nc3 Re8 7. d4 Nbd7 8. Bd3
dxc4 9. bxc4 e5 10. Bc2 exd4 11. Qxd4 Ne5 12. O-O-O Bg4 13. c5 Bxf3 14. gxf3
Bf8 15. Qh4 Qc8 16. Nd5 Ng6 17. Bxg6 hxg6 18. Nxf6+ gxf6 19. Qxf6 Qh3 20. Rd7
Qh7 21. Rxf7 Re6 22. Rxf8+ Rxf8 23. Qxe6+ Qf7 24. Qe5 Kh7 25. Rd1 Re8 26. Qg3
g5 27. Qxg5 Re6 28. Rd8 Re8 29. Rd4 Qg6 30. Rh4+ Qh6 31. Rxh6# 1-0

[Event "Bayerische EM 2023 - Allgemeine Gruppe"]
[Site "Rosenheim"]
[Date "2022.08.21"]
[Round "1.11"]
[White "Schmid, Roland"]
[Black "Luhn, Robert"]
[Result "1-0"]
[WhiteElo "2212"]
[BlackElo "1977"]
[PlyCount "57"]
[EventDate "2022.??.??"]
[WhiteTeam "SG Post/Süd Regensburg"]
[BlackTeam "SK Caissa Augsburg"]

1. c4 e5 2. Nc3 Nc6 3. e3 f5 4. d4 e4 5. g4 Bb4 6. Bd2 Nf6 7. gxf5 O-O 8. Bg2
Bxc3 9. Bxc3 d5 10. cxd5 Qxd5 11. Ne2 Qxf5 12. Ng3 Qd5 13. f3 exf3 14. Qxf3 Qb5
15. Qe2 Qg5 16. O-O Bd7 17. Qc4+ Kh8 18. d5 Qxe3+ 19. Kh1 Ne5 20. Qxc7 Neg4 21.
Bxf6 Qh6 22. Bxg7+ Qxg7 23. Nh5 Qe5 24. Qxe5+ Nxe5 25. Rae1 Ng6 26. d6 Bc6 27.
Rxf8+ Rxf8 28. Bxc6 bxc6 29. d7 1-0

[Event "Bayerische EM 2023 - Allgemeine Gruppe"]
[Site "Rosenheim"]
[Date "2022.08.21"]
[Round "1.12"]
[White "Huber, Benedikt"]
[Black "Bergauz, Avigdor"]
[Result "0-1"]
[WhiteElo "1971"]
[BlackElo "2197"]
[PlyCount "68"]
[EventDate "2022.??.??"]
[WhiteTeam "SK Kelheim 1920"]
[BlackTeam "SK M nchen S dost e.V."]

1. e4 c6 2. d3 d5 3. Nd2 e5 4. Ngf3 Bd6 5. d4 exd4 6. exd5 c5 7. Ne4 a6 8. Qe2
Ne7 9. Bg5 f6 10. Bxf6 gxf6 11. Nxf6+ Kf7 12. Ne4 Ng6 13. O-O-O Bf4+ 14. Kb1
Qxd5 15. g3 Bh6 16. h4 Bf5 17. Neg5+ Bxg5 18. Nxg5+ Kg7 19. g4 Bd7 20. h5 Qxg5
21. hxg6 hxg6 22. f4 Qf6 23. Rxh8 Kxh8 24. Qh2+ Kg7 25. Bc4 Kf8 26. g5 Qg7 27.
f5 Bxf5 28. Re1 Nc6 29. Qd6+ Ne7 30. Qf6+ Qxf6 31. gxf6 Ng8 32. Rh1 b5 33. Bd5
Rd8 34. Bb7 Rd6 0-1

[Event "Bayerische EM 2023 - Allgemeine Gruppe"]
[Site "Rosenheim"]
[Date "2022.08.21"]
[Round "1.13"]
[White "Maurer, Jochen"]
[Black "Steinhauer, Artur"]
[Result "1-0"]
[WhiteElo "2184"]
[BlackElo "1953"]
[PlyCount "83"]
[EventDate "2022.??.??"]
[WhiteTeam "SG Pang-Rosenheim 1910 e.V."]
[BlackTeam "SC Bavaria Regensburg von 1881 e"]

1. e4 c6 2. Nf3 d5 3. d3 dxe4 4. dxe4 Qxd1+ 5. Kxd1 Nf6 6. Nbd2 g6 7. c3 Bh6 8.
Kc2 Nbd7 9. Bc4 Ng4 10. Rf1 Nge5 11. Be2 Nxf3 12. Nxf3 Bxc1 13. Rfxc1 Nf6 14.
Nd2 Be6 15. a4 O-O-O 16. f3 Rd7 17. a5 Rhd8 18. Rd1 h5 19. h4 Kc7 20. b4 Ne8
21. Nc4 Rxd1 22. Rxd1 Rxd1 23. Kxd1 Bxc4 24. Bxc4 Nd6 25. Bb3 e5 26. c4 f6 27.
c5 Nc8 28. Bf7 Ne7 29. g4 b6 30. gxh5 gxh5 31. Bxh5 Ng8 32. cxb6+ axb6 33. Kc2
Nh6 34. Bg6 Kb7 35. Kc3 Ka6 36. Kc4 Ng8 37. Bf7 Nh6 38. Be6 Kb7 39. Bd7 c5 40.
bxc5 bxa5 41. Kd5 Kc7 42. Ba4 1-0

[Event "Bayerische EM 2023 - Allgemeine Gruppe"]
[Site "Rosenheim"]
[Date "2022.08.21"]
[Round "1.14"]
[White "Paar, Johannes"]
[Black "Uebele, Peter"]
[Result "0-1"]
[WhiteElo "1953"]
[BlackElo "2168"]
[PlyCount "78"]
[EventDate "2022.??.??"]
[WhiteTeam "SK Schwandorf"]
[BlackTeam "SC Waldkraiburg"]

1. d4 d5 2. c4 e6 3. Nc3 Nf6 4. Nf3 a6 5. Bg5 dxc4 6. e4 b5 7. e5 h6 8. Bh4 g5
9. Nxg5 hxg5 10. Bxg5 Nbd7 11. Qf3 Rb8 12. exf6 Bb7 13. Qe3 Nb6 14. a3 Nd5 15.
Nxd5 Qxd5 16. Qe5 Qd7 17. h4 Rd8 18. Be3 Qc6 19. Rc1 Bd6 20. Qg5 Kd7 21. Qg7
Rdf8 22. h5 Qe4 23. h6 Bf4 24. Rh4 Bxe3 25. Rxe4 Bxc1 26. Rh4 Bxb2 27. a4 Bd5
28. Qg5 c3 29. Bd3 bxa4 30. Bb1 a3 31. Qg4 c2 32. Bxc2 a2 33. Qd1 a1=Q 34. Qxa1
Bxa1 35. f3 c5 36. dxc5 Bxf6 37. Ra4 Rxh6 38. Rxa6 Rh1+ 39. Kd2 Ra8 0-1

[Event "Bayerische EM 2023 - Allgemeine Gruppe"]
[Site "Rosenheim"]
[Date "2022.08.21"]
[Round "1.15"]
[White "Schatz, Christian"]
[Black "Kerkhoff, Jan"]
[Result "0-1"]
[WhiteElo "2153"]
[BlackElo "1940"]
[PlyCount "59"]
[EventDate "2022.??.??"]
[WhiteTeam "SC Postbauer-Heng e.V"]
[BlackTeam "SC Unterhaching e.V."]

1. Nf3 f5 2. d4 Nf6 3. Bg5 e6 4. Nbd2 b6 5. e4 fxe4 6. Nxe4 Be7 7. Bd3 Bb7 8.
Qe2 Nd5 9. Ne5 O-O 10. Qh5 Qe8 11. Qh3 Bxg5 12. Nxg5 h6 13. Bh7+ Kh8 14. Ng6+
Qxg6 15. Bxg6 Nf4 16. Qa3 Nxg6 17. Nf3 Nc6 18. O-O Nf4 19. Rae1 Nxg2 20. Kxg2
Nxd4 21. Re3 Nxf3 22. Kg3 Rf5 23. h4 Raf8 24. Rd1 R8f6 25. Qxa7 Rg6+ 26. Kh3
Rh5 27. Rd4 Ng1+ 28. Kh2 Rg2+ 29. Kh1 Rg4+ 30. Qxb7 0-1

[Event "Bayerische EM 2023 - Allgemeine Gruppe"]
[Site "Rosenheim"]
[Date "2022.08.21"]
[Round "1.16"]
[White "Stichter, Constantin Paul"]
[Black "Löw, Gerald"]
[Result "0-1"]
[WhiteElo "1921"]
[BlackElo "2146"]
[PlyCount "88"]
[EventDate "2022.??.??"]
[WhiteTeam "SG Traunstein/Traunreut e.V."]
[BlackTeam "TSV Bindlach Aktionär"]

1. d4 d5 2. g3 Nf6 3. Bg2 c5 4. dxc5 e6 5. c4 Bxc5 6. cxd5 exd5 7. Nf3 Nc6 8.
O-O O-O 9. Nbd2 Re8 10. Nb3 Bb6 11. e3 Bg4 12. h3 Bh5 13. g4 Bg6 14. Bd2 h5 15.
Nh4 Bd3 16. Re1 Nxg4 17. Nf3 Nf6 18. Bc3 Bg6 19. Ng5 Ne4 20. Nxe4 dxe4 21. Nd2
Qh4 22. Qa4 Bf5 23. Nf3 Qe7 24. Nd2 Bc7 25. Qb5 g6 26. Nf1 h4 27. Rad1 a6 28.
Qc4 Rac8 29. Kh1 Bb8 30. Qa4 Qe6 31. Qb3 Bxh3 32. Qxe6 Bxg2+ 33. Kxg2 Rxe6 34.
Kh3 Be5 35. Kxh4 Bxc3 36. bxc3 Ne5 37. Re2 Rxc3 38. Rd8+ Kg7 39. Nd2 Rc2 40.
Kg3 Rxa2 41. f4 exf3 42. Rh2 Ra1 43. Ne4 Nc6 44. Rdh8 Rxe4 0-1

[Event "Bayerische EM 2023 - Allgemeine Gruppe"]
[Site "Rosenheim"]
[Date "2022.08.21"]
[Round "1.17"]
[White "Böhme, Markus"]
[Black "Ziemann, Ulrich"]
[Result "1-0"]
[WhiteElo "2144"]
[BlackElo "1921"]
[PlyCount "103"]
[EventDate "2022.??.??"]
[WhiteTeam "SC Uttenreuth e.V."]
[BlackTeam "SC Bad K tzting e.V."]

1. e4 e5 2. Nf3 Nc6 3. Bc4 Bc5 4. c3 Nf6 5. d3 d6 6. O-O a6 7. a4 Ba7 8. Re1
Be6 9. Bxe6 fxe6 10. Be3 Bxe3 11. Rxe3 O-O 12. h3 Qd7 13. b4 Ne7 14. Nbd2 Ng6
15. a5 d5 16. Qc2 Qd6 17. d4 Nd7 18. dxe5 Ndxe5 19. Nxe5 Nxe5 20. Rae1 d4 21.
cxd4 Qxd4 22. Qc3 Rad8 23. Nb3 Qxc3 24. Rxc3 Nd3 25. Rd1 Nxb4 26. Rxd8 Rxd8 27.
Rxc7 Rd1+ 28. Kh2 Nc6 29. Rxb7 Rb1 30. Rc7 Nd8 31. Rc8 Rxb3 32. Rxd8+ Kf7 33.
Ra8 h5 34. h4 Ra3 35. Rxa6 Kf6 36. f3 Ra2 37. Kg3 Ke5 38. f4+ Kxe4 39. Rxe6+
Kf5 40. Re5+ Kg6 41. Rg5+ Kh6 42. Kf3 Ra3+ 43. Ke2 Rc3 44. Kd2 Rc6 45. Kd3 g6
46. Kd4 Rc1 47. Kd5 Rc2 48. Kd6 Kg7 49. f5 Kf6 50. fxg6 Kg7 51. Rxh5 Kxg6 52.
Rc5 1-0

[Event "Bayerische EM 2023 - Allgemeine Gruppe"]
[Site "Rosenheim"]
[Date "2022.08.21"]
[Round "1.18"]
[White "Mönius, Alexander"]
[Black "Kocak, Ediz"]
[Result "1-0"]
[WhiteElo "1909"]
[BlackElo "2134"]
[PlyCount "77"]
[EventDate "2022.??.??"]
[WhiteTeam "SC Höchstadt/Aisch"]
[BlackTeam "SGem 1882 Fürth"]

1. d4 d5 2. c4 e6 3. Nf3 Nf6 4. g3 Bb4+ 5. Bd2 Be7 6. Bg2 O-O 7. O-O c6 8. b3
b6 9. Nc3 Ba6 10. cxd5 cxd5 11. Ne5 Nfd7 12. Nxd5 exd5 13. Nxf7 Rxf7 14. Bxd5
Nf6 15. Bxa8 Qxd4 16. Bf4 Qxd1 17. Rfxd1 Nbd7 18. Bf3 Ba3 19. Bg5 h6 20. Bxf6
Nxf6 21. Rd8+ Kh7 22. Rad1 Rc7 23. Ra8 Bb5 24. Rdd8 a5 25. h4 h5 26. Rab8 Rc1+
27. Kg2 Bc5 28. a4 Bd7 29. Bxh5 Bc6+ 30. Bf3 Bxf3+ 31. Kxf3 Rf1 32. e3 Rb1 33.
Rd3 Rg1 34. Rbd8 Rc1 35. Rd1 Rc2 36. R8d2 Rc3 37. Rd3 Rc2 38. R1d2 Rc1 39. Re2
1-0

[Event "Bayerische EM 2023 - Allgemeine Gruppe"]
[Site "Rosenheim"]
[Date "2022.08.21"]
[Round "1.19"]
[White "Willim, Michael"]
[Black "Bratu, Mircea"]
[Result "1-0"]
[WhiteElo "2119"]
[BlackElo "1891"]
[PlyCount "79"]
[EventDate "2022.??.??"]
[WhiteTeam "SC Erlangen 48/88"]
[BlackTeam "SG Schwabing München Nord e.V."]

1. d4 Nf6 2. c4 g6 3. Nc3 d5 4. Nf3 Bg7 5. Qb3 dxc4 6. Qxc4 O-O 7. e4 a6 8. Be2
b5 9. Qb3 c5 10. dxc5 Nbd7 11. e5 Nxc5 12. Qa3 Nfe4 13. Nxe4 Nxe4 14. O-O Bb7
15. Rd1 Qe8 16. Be3 Rc8 17. Qb4 e6 18. a4 Bd5 19. axb5 axb5 20. Ra7 Bc4 21. Re7
Qc6 22. Bxc4 bxc4 23. h3 Rb8 24. Qa3 Ra8 25. Ra7 Rab8 26. Rdd7 c3 27. bxc3 Nxc3
28. Rac7 Ne2+ 29. Kh2 Qe4 30. Qc5 Rbd8 31. Rxf7 Rxf7 32. Rxf7 Rf8 33. Rxf8+
Bxf8 34. Qc8 Nf4 35. Bc5 Qf5 36. g4 Qf7 37. Ng5 Qg7 38. Nxe6 Nxe6 39. Qxe6+ Kh8
40. Qe8 1-0

[Event "Bayerische EM 2023 - Allgemeine Gruppe"]
[Site "Rosenheim"]
[Date "2022.08.21"]
[Round "1.20"]
[White "Dietlmeier, Tobias"]
[Black "Becker, Tobias"]
[Result "0-1"]
[WhiteElo "1885"]
[BlackElo "2111"]
[PlyCount "92"]
[EventDate "2022.??.??"]
[WhiteTeam "TV Tegernsee"]
[BlackTeam "Kronacher SK 1882 e.V."]

1. e4 e5 2. Nc3 Nf6 3. f4 d5 4. fxe5 Nxe4 5. Qf3 Nc6 6. Bb5 Nxc3 7. bxc3 Qh4+
8. g3 Qe4+ 9. Qxe4 dxe4 10. Bxc6+ bxc6 11. d4 exd3 12. cxd3 Be6 13. d4 O-O-O
14. Nf3 c5 15. Be3 cxd4 16. cxd4 Ba3 17. Kf2 Rhf8 18. Rhd1 Bc4 19. Bc1 Be7 20.
Bf4 Bd5 21. Rac1 c6 22. h4 h6 23. Rd3 f6 24. h5 Kd7 25. Rb1 Ke6 26. Re3 f5 27.
Re2 Rb8 28. Reb2 Rxb2+ 29. Rxb2 Rd8 30. Be3 a5 31. Nh4 a4 32. Ng6 a3 33. Rb7
Re8 34. Bc1 Bg5 35. Bxa3 Bxa2 36. Rxg7 Kd5 37. Rd7+ Ke4 38. Bc5 Rb8 39. Nf4
Rb2+ 40. Ke1 Bd5 41. Nxd5 cxd5 42. Ra7 Kf3 43. Ra5 Ke3 44. Kd1 Rd2+ 45. Ke1 Rc2
46. Ra1 Rh2 0-1

[Event "Bayerische EM 2023 - Allgemeine Gruppe"]
[Site "Rosenheim"]
[Date "2022.08.21"]
[Round "1.21"]
[White "Arnhold, Steffi"]
[Black "Gold, Florian"]
[Result "0-1"]
[WhiteElo "2110"]
[BlackElo "1851"]
[PlyCount "174"]
[EventDate "2022.??.??"]
[WhiteTeam "SC Bavaria Regensburg von 1881 e"]
[BlackTeam "SK Kelheim 1920"]

1. e4 e6 2. d4 d5 3. Nc3 Nf6 4. Bg5 dxe4 5. Nxe4 Be7 6. Bxf6 Bxf6 7. Nf3 O-O 8.
c3 Nd7 9. Bd3 b6 10. Qc2 Bb7 11. O-O-O a5 12. h4 a4 13. Neg5 g6 14. Kb1 Bxf3
15. Nxf3 a3 16. b3 Qe7 17. h5 Rfc8 18. hxg6 hxg6 19. Rh3 Nf8 20. Be4 c6 21. Ne5
Bxe5 22. dxe5 Qg5 23. Re3 Ra5 24. g3 Rxe5 25. f4 Qh6 26. Re2 Rh5 27. Red2 Rh3
28. Qd3 b5 29. Bg2 Rh2 30. Qe4 Qg7 31. Qe3 b4 32. Rc1 bxc3 33. Qxc3 Qxc3 34.
Rxc3 c5 35. Kc2 Nd7 36. b4 Rb8 37. b5 Rxb5 38. Rxa3 Nb6 39. Ra7 Nc4 40. Rd8+
Kg7 41. Kc3 Nb6 42. Be4 Rb4 43. Bc6 Rbb2 44. Rd1 Rhc2+ 45. Kd3 Rxa2 46. Rxa2
Rxa2 47. Ke4 Re2+ 48. Kd3 Rb2 49. Ke4 Rb4+ 50. Kf3 Rb3+ 51. Kf2 c4 52. Be4 Na4
53. Rc1 Nb2 54. g4 Nd3+ 55. Bxd3 cxd3 56. Ke3 Kf6 57. Rc5 Rb4 58. Rc7 g5 59.
fxg5+ Kg6 60. Rc8 Kg7 61. g6 fxg6 62. Rc6 Kf6 63. g5+ Kf5 64. Kxd3 Rg4 65. Ke3
Rg3+ 66. Kf2 Rxg5 67. Kf3 Rh5 68. Rc8 Rh3+ 69. Kf2 Ra3 70. Rf8+ Kg4 71. Re8
Ra2+ 72. Ke3 Ra6 73. Kf2 g5 74. Rg8 Ra2+ 75. Ke3 Kh4 76. Re8 Kg3 77. Rxe6 Rf2
78. Rg6 Rf3+ 79. Ke2 g4 80. Rg8 Rf7 81. Rg6 Kh3 82. Rh6+ Kg2 83. Re6 g3 84. Ke1
Kg1 85. Re8 g2 86. Ke2 Rh7 87. Kf3 Kh1 0-1

[Event "Bayerische EM 2023 - Allgemeine Gruppe"]
[Site "Rosenheim"]
[Date "2022.08.21"]
[Round "1.22"]
[White "Mazatis, Benjamin"]
[Black "Fuchs, Florian"]
[Result "0-1"]
[WhiteElo "1731"]
[BlackElo "2096"]
[PlyCount "140"]
[EventDate "2022.??.??"]
[WhiteTeam "SK Bruckm hl e.V."]
[BlackTeam "DJK SF Haselbach"]

1. d4 d5 2. c4 e6 3. Nf3 Nf6 4. g3 Bb4+ 5. Nbd2 dxc4 6. Bg2 b5 7. O-O a5 8. Ne1
Ra6 9. Nc2 Be7 10. a4 c6 11. Nf3 Nbd7 12. Na3 Qb6 13. Re1 O-O 14. e4 Bb7 15.
Be3 Bxa3 16. Rxa3 b4 17. Ra1 Nxe4 18. d5 c5 19. dxe6 Ndf6 20. exf7+ Rxf7 21.
Ne5 Re7 22. Nxc4 Qe6 23. Bxc5 Rd7 24. Qc1 Rc7 25. b3 Rxc5 26. f3 Rxc4 27. bxc4
Qb6+ 28. Qe3 Qxe3+ 29. Rxe3 Nc5 30. Re7 Bc6 31. Rc7 Nfd7 32. f4 Bxg2 33. Kxg2
b3 34. Rb1 Rb6 35. Ra7 Nb7 36. Kf3 Ndc5 37. Ke3 Nxa4 38. Kd4 Nac5 39. Rxa5 Nxa5
40. Kxc5 Rb8 41. Kd4 b2 42. Kc3 Kf7 43. c5 Ke6 44. Rxb2 Rxb2 45. Kxb2 Kd5 46.
Kc3 Kxc5 47. Kd3 Kd5 48. g4 Nb7 49. h4 h5 50. gxh5 Nd6 51. Ke3 Ke6 52. Kf3 Kf5
53. h6 gxh6 54. Kg3 Ne4+ 55. Kf3 Nf6 56. Kg3 Nh5+ 57. Kf3 Nxf4 58. Kg3 h5 59.
Kf3 Ng6 60. Kg3 Ke4 61. Kh3 Kf4 62. Kh2 Nxh4 63. Kh3 Nf5 64. Kg2 Kg4 65. Kh2 h4
66. Kg2 h3+ 67. Kh2 Kh4 68. Kh1 Kg3 69. Kg1 Nd6 70. Kh1 Ne4 0-1

[Event "Bayerische EM 2023 - Allgemeine Gruppe"]
[Site "Rosenheim"]
[Date "2022.08.21"]
[Round "1.23"]
[White "Kessler, Jan"]
[Black "Sesselmann, Moritz"]
[Result "1-0"]
[WhiteElo "2094"]
[BlackElo "1697"]
[PlyCount "81"]
[EventDate "2022.??.??"]
[WhiteTeam "SC Unterhaching e.V."]
[BlackTeam "SK 1907 Kulmbach"]

1. e4 c5 2. Nc3 d6 3. g3 Nc6 4. Bg2 g6 5. d3 Bg7 6. Nge2 e6 7. O-O Nge7 8. Bg5
Rb8 9. Qd2 b5 10. Bh6 O-O 11. Bxg7 Kxg7 12. d4 b4 13. Na4 Qa5 14. b3 Ba6 15. d5
Bxe2 16. Qxe2 Nd4 17. Qd2 exd5 18. exd5 Qb5 19. Rfe1 Nef5 20. Nb2 Qd7 21. Nc4
Rbe8 22. c3 bxc3 23. Qxc3 Kg8 24. Kf1 Rxe1+ 25. Rxe1 Re8 26. Be4 h5 27. Qc1 Kf8
28. Qf4 Qe7 29. f3 Nc2 30. Rc1 Nb4 31. a3 Na6 32. Bxf5 gxf5 33. Qh6+ Kg8 34.
Qxh5 Qf6 35. h4 Nc7 36. Rd1 Rb8 37. Rd3 Qa1+ 38. Kg2 Qa2+ 39. Rd2 Qxb3 40. Nxd6
Rf8 41. Nxf5 1-0